चर्चित दलित कहानियां / (Record no. 116537)

MARC details
000 -LEADER
fixed length control field 00968nam a22002537a 4500
005 - DATE AND TIME OF LATEST TRANSACTION
control field 20170124103040.0
010 ## - LIBRARY OF CONGRESS CONTROL NUMBER
LC control number A-890086
020 ## - INTERNATIONAL STANDARD BOOK NUMBER
Terms of availability 125.00
035 ## - SYSTEM CONTROL NUMBER
System control number A-890086
037 ## - SOURCE OF ACQUISITION
Source of stock number/acquisition Cen Lib/Ret
040 ## - CATALOGING SOURCE
Original cataloging agency DPL
Language of cataloging HN
082 ## - DEWEY DECIMAL CLASSIFICATION NUMBER
Classification number
Item number चर्चित
245 ## - TITLE STATEMENT
Title चर्चित दलित कहानियां /
Statement of responsibility, etc संपादक कुसुम
246 ## - VARYING FORM OF TITLE
Title proper/short title Charchit dalit kahaniyan /
Remainder of title sampadak Kusum
260 ## - PUBLICATION, DISTRIBUTION, ETC. (IMPRINT)
Place of publication, distribution, etc दिल्ली
Name of publisher, distributor, etc ललित प्रकाशन
Date of publication, distribution, etc 1997
270 ## - ADDRESS
City दिल्ली
Address 29/59-ए, गली-11, विश्वास नगर, शाहदरा
Postal code 110032
300 ## - PHYSICAL DESCRIPTION
Extent 128पृ.
Dimensions 21सेमी (सजिल्द)
650 ## - SUBJECT ADDED ENTRY--TOPICAL TERM
Topical term or geographic name as entry element हिन्दी साहित्य
9 (RLIN) 67040
650 ## - SUBJECT ADDED ENTRY--TOPICAL TERM
Topical term or geographic name as entry element कहानियां
9 (RLIN) 67041
650 ## - SUBJECT ADDED ENTRY--TOPICAL TERM
Topical term or geographic name as entry element Hindi literature
9 (RLIN) 67042
650 ## - SUBJECT ADDED ENTRY--TOPICAL TERM
Topical term or geographic name as entry element Stories
9 (RLIN) 7500
700 ## - ADDED ENTRY--PERSONAL NAME
Personal name कुसुम
9 (RLIN) 6954
942 ## - ADDED ENTRY ELEMENTS (KOHA)
Source of classification or shelving scheme Dewey Decimal Classification
Koha item type Hindi Books
Classification part
Call number suffix चर्चित
Holdings
Withdrawn status Lost status Damaged status Not for loan Home library Current library Date acquired Source of acquisition Cost, normal purchase price Total Checkouts Full call number Barcode Date last seen Copy number Cost, replacement price Price effective from Koha item type Public note
Written off       Central Library Central Library 25/08/2015 Cen Lib/Ret 125.00   क चर्चित A-890086 25/08/2015 1 125.00 25/08/2015 Hindi Books Written off on approval by DLB (By Circulation); dtd 20.12.2022

© Delhi Public Library
Hit Counter
free hit counter